1833 1244 1105 1552 1686 1125 1734 1717 1818 1062 1463 1147 1745 2000 1983 1486 1211 1821 1585 1227 1092 1181 1811 1503 1005 1430 1414 1604 1153 1802 1163 1952 1018 1691 1145 1875 1271 1064 1955 1711 1133 1428 1719 1707 1637 1007 1797 1174 1731 1419 1785 1114 1349 1137 1747 1263 1990 1428 1725 1580 1644 1160 1545 1256 1201 1152 1968 1040 1446 1620 1026 1073 1576 1725 1636 1661 1891 1720 1157 1712 1650 1343 1130 1934 1562 1769 1437 1605 1343 1313 1633 1257 1796 1960 1952 1311 1535 1218 1038 BCNSPRNW ULIB Ver.6.0+V

เปลี่ยนเป็นภาษาไทย

Change to English
 แสดงรายละเอียดบรรณานุกรม
  กลับหน้าหลัก

Brief Record : Get Marc (ISO 2709) : E-mail record : QR code < ปิดหน้าต่าง
LEADER : 00000nam 2200000uu 4500
001    13399123086
003     ULIB
008    140115s2551||||th 000 0 tha d
060  4 ^aWY18.2 ส845อ
100    ^aสุรีย์ ธรรมิกบวร.
245    ^aวิชาการผดุงครรภ์/สุรีย์ ธรรมิกบวร และคนอื่นๆ.
246    ^aเอกสารประกอบการทบทวนความรู้ วิชาการผดุงครรภ์
250    ^aฉบับถ่ายสำเนา
260    ^aเครือข่ายวิทยาลัยสังกัด สบช. ภาคตะวันออกเฉียงเหนือ^c2551
300    ^a211 หน้า.^bฉบับถ่ายสำเนา
650  7 ^aการผดุงครรภ์
650  7 ^aการพยาบาลสูติศาสตร์
945    ^p0^l0^i034356
945    ^p0^l0^i034357
945    ^p0^l0^i034358
945    ^p0^l0^i034359
945    ^p0^l0^i034360
945    ^p0^l0^i034361
945    ^p0^l0^i034362
945    ^p0^l0^i034363
999    ^aเกษร โพธิ์สุวรรณ
รายการนี้ยังไม่มีแท็ก
คุณยังไม่ได้ล็อกอิน คุณสามารถมีกิจกรรมร่วมกับเว็บไซต์ได้ แต่ต้องล็อกอินก่อน ::
  ล็อกอิน

รายการสื่อสารสนเทศ

ลำดับที่ ประเภท เลขเรียก/บาร์โค้ด สถานที่ สถานะ
1. Book การพยาบาล
หนังสือสำรอง
สถานะ=หนังสือสำรอง
WY18.2 ส845อ ฉ.1 
  Barcode: 034356
ห้องสมุดวิทยาเขตสวรรค์ประชารักษ์
►หนังสือทั่วไป
บนชั้น
Note:ฉบับถ่ายสำเนา
2. Book การพยาบาล
Book การพยาบาล
สถานะ=หาย
WY18.2 ส845อ ฉ.2 
  Barcode: 034357
ห้องสมุดวิทยาเขตสวรรค์ประชารักษ์
►หนังสือทั่วไป
บนชั้น
Note:ฉบับถ่ายสำเนา
3. Book การพยาบาล
Book การพยาบาล
WY18.2 ส845อ ฉ.3 
  Barcode: 034358
ห้องสมุดวิทยาเขตสวรรค์ประชารักษ์
►หนังสือทั่วไป
บนชั้น
Note:ฉบับถ่ายสำเนา
4. Book การพยาบาล
Book การพยาบาล
WY18.2 ส845อ ฉ.4 
  Barcode: 034359
ห้องสมุดวิทยาเขตสวรรค์ประชารักษ์
►หนังสือทั่วไป
บนชั้น
Note:ฉบับถ่ายสำเนา
5. Book การพยาบาล
Book การพยาบาล
WY18.2 ส845อ ฉ.5 
  Barcode: 034360
ห้องสมุดวิทยาเขตสวรรค์ประชารักษ์
►หนังสือทั่วไป
บนชั้น
Note:ฉบับถ่ายสำเนา
6. Book การพยาบาล
Book การพยาบาล
WY18.2 ส845อ ฉ.6 
  Barcode: 034361
ห้องสมุดวิทยาเขตสวรรค์ประชารักษ์
►หนังสือทั่วไป
บนชั้น
Note:ฉบับถ่ายสำเนา
7. Book การพยาบาล
Book การพยาบาล
WY18.2 ส845อ ฉ.7 
  Barcode: 034362
ห้องสมุดวิทยาเขตสวรรค์ประชารักษ์
►หนังสือทั่วไป
บนชั้น
Note:ฉบับถ่ายสำเนา
8. Book การพยาบาล
Book การพยาบาล
WY18.2 ส845อ ฉ.8 
  Barcode: 034363
ห้องสมุดวิทยาเขตสวรรค์ประชารักษ์
►หนังสือทั่วไป
บนชั้น
Note:ฉบับถ่ายสำเนา

รายการใกล้เคียง
    ผู้แต่ง [สุรีย์ ธรรมิกบวร.]

    หัวเรื่อง [การผดุงครรภ์]
    หัวเรื่อง [การพยาบาลสูติศาสตร์]

BibComment


ยังไม่เคยถูกคอมเมนท์

คอมเมนท์ทรัพยากรรายการนี้
  คอมเมนท์: วิชาการผดุงครรภ์..


 Copyright 2026. Bcnsprnw @Library